MARC details
| 000 -LEADER |
| fixed length control field |
01062nam a22002537a 4500 |
| 003 - CONTROL NUMBER IDENTIFIER |
| control field |
OSt |
| 005 - DATE AND TIME OF LATEST TRANSACTION |
| control field |
20260415051426.0 |
| 008 - FIXED-LENGTH DATA ELEMENTS--GENERAL INFORMATION |
| fixed length control field |
260415b |||||||| |||| 00| 0 eng d |
| 020 ## - INTERNATIONAL STANDARD BOOK NUMBER |
| International Standard Book Number |
9781935096405 |
| 040 ## - CATALOGING SOURCE |
| Original cataloging agency |
DWCL - Main Lib. |
| Transcribing agency |
OC |
| 082 ## - DEWEY DECIMAL CLASSIFICATION NUMBER |
| Classification number |
Prof. 810.8 C532 2009 |
| 100 ## - MAIN ENTRY--PERSONAL NAME |
| Personal name |
Canfield, Jack |
| Relator term |
Compiler |
| 245 ## - TITLE STATEMENT |
| Title |
Chicken soup for the soul : |
| Remainder of title |
the story behind the song : the exclusive personal stories behind 101 of your favorite songs / |
| Statement of responsibility, etc. |
Jack Canfield [and three others] |
| 260 ## - PUBLICATION, DISTRIBUTION, ETC. |
| Place of publication, distribution, etc. |
U.S.A. : |
| Name of publisher, distributor, etc. |
Chicken Soup for the Soul Publishing, |
| Date of publication, distribution, etc. |
c2009. |
| 300 ## - PHYSICAL DESCRIPTION |
| Extent |
xv, 427 pages : |
| Other physical details |
illustrations ; |
| Dimensions |
22 cm. |
| 650 ## - SUBJECT ADDED ENTRY--TOPICAL TERM |
| Topical term or geographic name entry element |
1. Lyric writing (Popular music) - Anecdotes. |
| 650 ## - SUBJECT ADDED ENTRY--TOPICAL TERM |
| Topical term or geographic name entry element |
2. Lyric writing (Popular music) - History and criticism. |
| 650 ## - SUBJECT ADDED ENTRY--TOPICAL TERM |
| Topical term or geographic name entry element |
3. Lyric writing (Popular music) - Literary collections. |
| 650 ## - SUBJECT ADDED ENTRY--TOPICAL TERM |
| Topical term or geographic name entry element |
4. Popular music - Writing and Publishing - History criticism. |
| 700 ## - ADDED ENTRY--PERSONAL NAME |
| Personal name |
I. Hansen, Mar Victor |
| Relator term |
Compiler |
| 700 ## - ADDED ENTRY--PERSONAL NAME |
| Personal name |
II. Geffen, Jo-ann |
| Relator term |
Compiler |
| 700 ## - ADDED ENTRY--PERSONAL NAME |
| Personal name |
III. Dozier, Lamont |
| Relator term |
Foreword |
| 942 ## - ADDED ENTRY ELEMENTS (KOHA) |
| Source of classification or shelving scheme |
Dewey Decimal Classification |
| Koha item type |
Professional Collections |
| Suppress in OPAC |
No |
| 952 ## - LOCATION AND ITEM INFORMATION (KOHA) |
| -- |
|